[Event "World Rapid 2025"]
[Site "Doha QAT"]
[Date "2025.12.27"]
[Round "6.103"]
[White "Samadov, Read"]
[Black "Dau Khuong Duy"]
[Result "1-0"]
[WhiteTitle "IM"]
[BlackTitle "IM"]
[WhiteElo "2510"]
[BlackElo "2489"]
[WhiteFideId "13417444"]
[BlackFideId "12424722"]
[EventDate "2025.12.26"]

1. Nf3 f5 2. c4 Nf6 3. g3 g6 4. Bg2 Bg7 5. O-O O-O 6. d4 d6 7. Nc3 c6 8. Qb3 h6
9. Rd1 Kh7 10. d5 cxd5 11. cxd5 Nbd7 12. Be3 Ng4 13. Bd4 Bxd4 14. Rxd4 Nc5 15.
Qc2 a5 16. Re1 Bd7 17. e4 b5 18. exf5 Bxf5 19. Qe2 b4 20. Qxe7+ Kg8 21. Nb5 Nd3
22. Re6 Qxe7 23. Rxe7 Rac8 24. Bf1 Rc1 25. Kg2 Ngxf2 26. g4 Be4 27. Rdxe4 Rxf1
28. R4e6 Rc1 29. Rxg6+ Kh8 30. Rxh6+ Kg8 31. Rg6+ Kh8 32. Rgg7 Rf4 33. Nxd6
Rxg4+ 34. Rxg4 Nxg4 35. Nf7+ Kg8 36. d6 Nc5 37. d7 Nxd7 38. Rxd7 Rc2+ 39. Kg3
Ne3 40. Kf4 Nc4 41. b3 Nb6 42. Nh6+ Kf8 43. Rd2 Rc5 44. Ke4 a4 45. Nf5 axb3 46.
axb3 Kf7 47. Ne5+ Ke8 48. Rd6 Na8 49. Rh6 1-0

[Event "World Rapid 2025"]
[Site "Doha QAT"]
[Date "2025.12.27"]
[Round "6.104"]
[White "Stefansson, Vignir Vatnar"]
[Black "Fandi, Mazen"]
[Result "1/2-1/2"]
[WhiteTitle "GM"]
[BlackTitle "FM"]
[WhiteElo "2519"]
[BlackElo "2304"]
[WhiteFideId "2308649"]
[BlackFideId "7611625"]
[EventDate "2025.12.26"]

1. Nf3 Nf6 2. c4 c6 3. d4 d5 4. cxd5 cxd5 5. Nc3 Nc6 6. Bf4 Bf5 7. e3 e6 8. Bb5
Rc8 9. Ne5 Bd6 10. Qa4 Bxe5 11. Bxe5 a6 12. Be2 O-O 13. Bf4 Qb6 14. Qb3 Qxb3 15.
axb3 Rfd8 16. f3 Bc2 17. Ra3 Nh5 18. Bg5 f6 19. Bh4 g5 20. Bf2 Ng7 21. h4 h6 22.
Na4 e5 23. Kd2 Bg6 24. Nc5 Rc7 25. hxg5 hxg5 26. Rc1 exd4 27. exd4 Re8 28. Nxb7
Nxd4 29. Bxa6 Rxc1 30. Kxc1 Rc8+ 31. Kd1 Nxb3 32. Nc5 Rxc5 33. Bxc5 Nxc5 34. b4
Nd7 35. Bb7 Kf8 36. Ra8+ Be8 37. b5 Nf5 38. Bc6 Ke7 39. b6 Nxb6 40. Rxe8+ Kd6
41. Bb5 Nd4 42. Bd3 Nd7 43. Kd2 Ne5 44. Ra8 Ne6 45. Ra6+ Ke7 46. Ra5 Kd6 47. Be2
Nc5 48. Ke3 d4+ 49. Kf2 Kd5 50. Ra8 Ne6 51. Ra6 f5 52. Ke1 Nf4 53. g3 Ne6 54.
Kd2 d3 55. Bd1 Nc5 56. Ra8 Nc4+ 57. Kc3 Ne3 58. Rd8+ Kc6 59. Bb3 Nf1 60. Bc4
Nxg3 61. Bxd3 Ne6 62. Ra8 Kd6 63. Kd2 Ke5 64. Ke3 f4+ 65. Kd2 Nd4 1/2-1/2

[Event "World Rapid 2025"]
[Site "Doha QAT"]
[Date "2025.12.27"]
[Round "6.105"]
[White "Medhus, Vitus Bondo"]
[Black "Uskov, Artem"]
[Result "0-1"]
[WhiteTitle "FM"]
[BlackTitle "GM"]
[WhiteElo "2387"]
[BlackElo "2516"]
[WhiteFideId "1462547"]
[BlackFideId "34254854"]
[EventDate "2025.12.26"]

1. e4 c5 2. Nc3 Nc6 3. Nge2 e6 4. d4 cxd4 5. Nxd4 Qc7 6. Ncb5 Qb8 7. Bd3 Nf6 8.
O-O Be7 9. Qe2 O-O 10. c4 d6 11. b3 a6 12. Nxc6 bxc6 13. Nd4 Qc7 14. Bb2 Re8 15.
Bc2 e5 16. Nf3 Nd7 17. Rfd1 a5 18. Rd2 Nc5 19. Ba3 Ne6 20. c5 dxc5 21. Bd3 c4
22. Bxe7 cxd3 23. Qxd3 Rxe7 24. Rad1 f6 25. Qc4 Ba6 26. Qc3 c5 27. Rd5 Rc8 28.
R5d2 Nd4 29. Qe3 Rd7 30. Nh4 Rcd8 31. Rc1 g5 32. Qg3 Kf7 33. h3 gxh4 34. Qxh4
Kg7 35. Rc3 Rf7 36. Kh1 Kh8 37. Rd1 Ne2 0-1

[Event "World Rapid 2025"]
[Site "Doha QAT"]
[Date "2025.12.27"]
[Round "6.106"]
[White "Saraci, Nderim"]
[Black "Mamedov, Edgar"]
[Result "1/2-1/2"]
[WhiteTitle "IM"]
[BlackTitle "GM"]
[WhiteElo "2461"]
[BlackElo "2492"]
[WhiteFideId "6351921"]
[BlackFideId "13739980"]
[EventDate "2025.12.26"]

1. d4 d5 2. Nf3 Nf6 3. c4 e6 4. g3 Be7 5. Bg2 O-O 6. Qc2 c6 7. Nbd2 b6 8. O-O c5
9. cxd5 exd5 10. dxc5 bxc5 11. e4 Nc6 12. a3 d4 13. e5 Nd5 14. Nc4 Be6 15. Rd1
f5 16. Bd2 f4 17. Nd6 Nxe5 18. Nxe5 Bxd6 19. Re1 fxg3 20. hxg3 Qf6 21. f4 Rae8
22. Qa4 Re7 23. Qc6 Bxe5 24. Rxe5 Nb6 25. Rae1 Rfe8 26. f5 Qxe5 27. Rxe5 Bd7 28.
Bd5+ Kh8 29. Qd6 Rxe5 30. Bf7 R8e7 31. f6 Nc8 32. Qc7 gxf6 33. Qd8+ Be8 34. Bxe8
Rxe8 35. Qxf6+ Kg8 36. Bh6 R5e7 37. Qg5+ Kh8 38. Qxc5 Rd7 39. Qc6 Nb6 40. a4 d3
41. a5 Re1+ 42. Kf2 Re2+ 43. Kf3 Rf7+ 44. Kg4 d2 45. Bxd2 Rxd2 46. axb6 Rdd7 47.
bxa7 Rxa7 48. b4 Rac7 49. Qd5 Rg7+ 50. Kh3 Rgd7 51. Qe5+ Kg8 52. b5 Rb7 53. g4
Re7 54. Qf5 Rf7 55. Qg5+ Kh8 56. Kh4 Rfe7 57. Qf5 Kg8 58. g5 Rbd7 59. b6 Rd4+
60. Kg3 Rdd7 61. Qc5 Kg7 62. Kg4 Re4+ 63. Kf5 Ree7 64. Qc3+ Kg8 65. Qc8+ Kg7 66.
Qc3+ Kg8 67. Qc6 Kg7 68. Qc3+ 1/2-1/2

[Event "World Rapid 2025"]
[Site "Doha QAT"]
[Date "2025.12.27"]
[Round "6.107"]
[White "Isanzhulov, Arystan"]
[Black "Assylov, Miras"]
[Result "1-0"]
[WhiteTitle "IM"]
[BlackTitle "FM"]
[WhiteElo "2419"]
[BlackElo "2393"]
[WhiteFideId "13711644"]
[BlackFideId "13728873"]
[EventDate "2025.12.26"]

1. g3 Nf6 2. Bg2 g6 3. e4 d6 4. d4 Bg7 5. Ne2 O-O 6. Nbc3 c6 7. O-O e5 8. a4 a5
9. h3 Na6 10. Be3 Nb4 11. d5 cxd5 12. exd5 Bf5 13. Rc1 h5 14. Nb5 Rc8 15. Nec3
Kh7 16. f3 Qe7 17. Bg5 Qd8 18. Qd2 Qb6+ 19. Be3 Bh6 20. f4 Qd8 21. fxe5 Bxe3+
22. Qxe3 Re8 23. e6 fxe6 24. dxe6 Rxe6 25. Qf2 d5 26. Nd4 Re5 27. Rce1 Rxe1 28.
Rxe1 Bd7 29. Ncb5 Qf8 30. Rf1 Kg7 31. c3 Nd3 32. Qe2 Nc5 33. Qe5 Nd3 34. Qe2 Nc5
35. Qe5 Nd3 36. Qg5 Re8 37. Nc7 Re7 38. Bxd5 Nc5 39. Bg2 b6 40. Nd5 Rf7 41. Nf4
Qe7 42. Nxg6 Qd6 43. Ne5+ Kf8 44. Nxf7 Kxf7 45. Bd5+ Ke7 46. Qg7+ Kd8 47. Qxf6+
Qxf6 48. Rxf6 Nxa4 49. Rd6 Ke7 50. Rxd7+ Kxd7 51. Bc6+ Kd6 52. Bxa4 h4 53. gxh4
b5 54. Nxb5+ Ke5 55. c4 1-0

[Event "World Rapid 2025"]
[Site "Doha QAT"]
[Date "2025.12.27"]
[Round "6.108"]
[White "Haug, Havard"]
[Black "Smirnov, Mark"]
[Result "1-0"]
[WhiteTitle "FM"]
[BlackTitle "FM"]
[WhiteElo "2416"]
[BlackElo "2420"]
[WhiteFideId "1547887"]
[BlackFideId "13764594"]
[EventDate "2025.12.26"]

1. d4 d5 2. Nf3 Nf6 3. c3 c6 4. Bg5 Bf5 5. Nbd2 Nbd7 6. e3 h6 7. Bxf6 Nxf6 8.
Ne5 e6 9. Bd3 Bxd3 10. Nxd3 Be7 11. Qe2 a5 12. a4 O-O 13. e4 Nxe4 14. Nxe4 dxe4
15. Qxe4 Qd5 16. Qxd5 cxd5 17. Kd2 Rfc8 18. f4 h5 19. g3 g6 20. h3 Kg7 21. g4
hxg4 22. hxg4 g5 23. fxg5 Bxg5+ 24. Ke2 Rh8 25. Raf1 Rac8 26. Ne5 Rxh1 27. Rxh1
Bf4 28. Nf3 Rc4 29. Ra1 f6 30. Ra3 b6 31. Rb3 Bc7 32. Ra3 Kg6 33. Ra1 Bf4 34.
Kd3 e5 35. dxe5 fxe5 36. Kc2 e4 37. Nd4 Be5 38. Nf5 Kg5 39. Kb3 Rc5 40. Rg1 Kf4
41. Nh4 Bf6 42. Ng6+ Kf3 43. Rf1+ Kxg4 44. Rxf6 e3 45. Ne5+ Kg5 46. Rf3 1-0

[Event "World Rapid 2025"]
[Site "Doha QAT"]
[Date "2025.12.27"]
[Round "6.77"]
[White "Rami, Talab"]
[Black "Klukin, Kirill"]
[Result "0-1"]
[BlackTitle "IM"]
[WhiteElo "2173"]
[BlackElo "2414"]
[WhiteFideId "7609787"]
[BlackFideId "24199273"]
[EventDate "2025.12.26"]

1. d4 d5 2. Nf3 e6 3. g3 Nf6 4. Bg2 b5 5. O-O Be7 6. Re1 O-O 7. c3 Bb7 8. Bg5
Nbd7 9. Nbd2 c5 10. Qc2 Rc8 11. Rad1 cxd4 12. Nxd4 Qb6 13. Qb3 h6 14. Be3 Bc5
15. Nf1 Ng4 16. h3 Nxe3 17. Nxe3 b4 18. Nec2 e5 19. cxb4 Bxd4 20. e3 Qc7 21. Na3
Bb6 22. Bxd5 Bxd5 23. Rxd5 Nf6 24. Rd3 Qc6 25. Nb1 Rfd8 26. Rxd8+ Rxd8 27. Rd1
Rxd1+ 28. Qxd1 Qe6 29. Nc3 Qxh3 30. Nd5 Nxd5 31. Qxd5 Qe6 32. Qa8+ Kh7 33. b3 f5
34. Kg2 f4 35. Qe4+ Qg6 36. Qxe5 fxe3 37. fxe3 Qc6+ 38. Kh2 Qf3 39. e4 Qf1 40.
Qf5+ Qxf5 41. exf5 h5 42. g4 Kh6 43. Kg3 Kg5 44. gxh5 Bc7+ 45. Kf3 Kxf5 46. h6
gxh6 47. a4 Bd6 48. b5 Bb4 49. Kg3 Ke5 50. Kg4 Kd4 51. Kh5 Kc3 52. Kxh6 Kxb3 53.
Kg5 Kxa4 54. Kf4 Kxb5 55. Ke3 Kc4 56. Ke2 Kb3 57. Kd1 Kb2 58. Ke2 a5 0-1

[Event "World Rapid 2025"]
[Site "Doha QAT"]
[Date "2025.12.27"]
[Round "6.78"]
[White "Wojtaszek, Radoslaw"]
[Black "Davtyan, Artur"]
[Result "0-1"]
[WhiteTitle "GM"]
[BlackTitle "IM"]
[WhiteElo "2667"]
[BlackElo "2474"]
[WhiteFideId "1118358"]
[BlackFideId "13308327"]
[EventDate "2025.12.26"]

1. d4 Nf6 2. c4 e6 3. Nf3 d5 4. g3 Be7 5. Bg2 O-O 6. Nc3 dxc4 7. Ne5 Qd6 8. Nxc4
Qa6 9. b3 Rd8 10. a4 Bb4 11. Bb2 Nc6 12. e3 e5 13. d5 e4 14. Qc2 Ne7 15. O-O
Bxc3 16. Bxc3 Nexd5 17. Bd4 Bf5 18. h3 h5 19. Rfd1 Qe6 20. Kh2 b6 21. Rac1 c5
22. Ba1 Nb4 23. Rxd8+ Rxd8 24. Qe2 Rd3 25. Rb1 Bg6 26. Bf1 Rd5 27. Bg2 Kh7 28.
Rf1 Rd3 29. Qb2 a6 30. Rb1 Rd5 31. Qe2 Nd7 32. Qb2 f6 33. Rf1 b5 34. axb5 axb5
35. Nd2 Rd3 36. Rb1 Qd5 37. Nf1 Ne5 38. Kh1 Nf3 39. Qc1 Rxb3 40. Rxb3 Qxb3 41.
Qxc5 Nd3 0-1

[Event "World Rapid 2025"]
[Site "Doha QAT"]
[Date "2025.12.27"]
[Round "6.79"]
[White "Sharan, Rao"]
[Black "Maksimovic, Bojan"]
[Result "0-1"]
[WhiteTitle "IM"]
[BlackTitle "GM"]
[WhiteElo "2341"]
[BlackElo "2533"]
[WhiteFideId "5073464"]
[BlackFideId "14408120"]
[EventDate "2025.12.26"]

1. Nf3 d6 2. d4 Nd7 3. e3 e5 4. Be2 Ngf6 5. O-O c6 6. c4 g6 7. b4 Bg7 8. Bb2 e4
9. Nfd2 O-O 10. Nc3 Re8 11. Qc2 Qe7 12. Rfd1 h5 13. h3 Nf8 14. Nf1 d5 15. b5 Be6
16. bxc6 bxc6 17. Na4 N8d7 18. cxd5 cxd5 19. Nc5 Rec8 20. Rac1 Nxc5 21. dxc5 Nd7
22. Bxg7 Kxg7 23. c6 Ne5 24. Qc3 Qf6 25. Bb5 a6 26. Ba4 Nd3 27. Rxd3 exd3 28.
Qxd3 Qb2 29. Rc3 Qb4 30. Bb3 a5 31. a3 Qe4 32. Qxe4 dxe4 33. Bxe6 fxe6 34. Nd2
Ra6 35. Nxe4 Rcxc6 36. Rd3 Ra7 37. g4 hxg4 38. hxg4 Rc4 39. f3 Rc2 40. Nd2 Kf6
41. Kf2 Ke7 42. Ke2 Ra2 43. Kd1 Rc7 44. f4 a4 45. Nf3 Rb7 46. Kc1 Rb3 47. Rxb3
axb3 48. Nd4 b2+ 49. Kc2 Rxa3 50. Kxb2 Rxe3 51. f5 exf5 52. gxf5 g5 53. Kc2 Kf6
54. Kd2 Re4 55. Ne2 Rg4 56. Ke3 Kxf5 57. Kf3 Ra4 58. Ng3+ Ke5 59. Ne2 Kf5 60.
Ng3+ Kg6 61. Nf1 Rf4+ 62. Kg2 Ra4 63. Ng3 g4 64. Nf1 Kg5 65. Kg3 Ra3+ 66. Kg2
Kf4 67. Kh2 Ra2+ 68. Kg1 g3 0-1

[Event "World Rapid 2025"]
[Site "Doha QAT"]
[Date "2025.12.27"]
[Round "6.80"]
[White "Ammar, Sedrani"]
[Black "Naiditsch, Arkadij"]
[Result "1-0"]
[WhiteTitle "FM"]
[BlackTitle "GM"]
[WhiteElo "2203"]
[BlackElo "2574"]
[WhiteFideId "9312331"]
[BlackFideId "4650891"]
[EventDate "2025.12.26"]

1. d4 Nf6 2. Bg5 b6 3. e3 Bb7 4. Nf3 e6 5. Nbd2 h6 6. Bh4 d5 7. Ne5 Be7 8. Bb5+
c6 9. Bd3 O-O 10. O-O c5 11. Bxf6 Bxf6 12. f4 cxd4 13. exd4 Nc6 14. c3 g6 15.
Qg4 Ne7 16. Rae1 Bg7 17. Qh3 a5 18. Ng4 h5 19. Ne5 Ba6 20. Bxa6 Rxa6 21. Ndf3 b5
22. g4 hxg4 23. Nxg4 f6 24. Nh4 Kf7 25. Nf2 Rh8 26. Qg4 Rh6 27. Nd3 Nf5 28. Nxf5
gxf5 29. Qe2 Bf8 30. Rf2 Rc6 31. Kh1 b4 32. Rg2 bxc3 33. bxc3 Qc8 34. Qf3 Rh4
35. Qf2 Rh3 36. Nc5 Bxc5 37. dxc5 Qh8 38. Qb2 Rc7 39. Rxe6 Kxe6 40. Qb6+ Kd7 41.
Qd6+ Kc8 42. Qa6+ Kd8 43. Qa8+ Ke7 44. Re2+ Kf7 45. Qxd5+ Kg7 46. Rg2+ Kh6 47.
Qxf5 Rg3 48. Rxg3 1-0

[Event "World Rapid 2025"]
[Site "Doha QAT"]
[Date "2025.12.27"]
[Round "6.81"]
[White "Ponkratov, Pavel"]
[Black "Harikrishnan, A. Ra"]
[Result "0-1"]
[WhiteTitle "GM"]
[BlackTitle "GM"]
[WhiteElo "2587"]
[BlackElo "2531"]
[WhiteFideId "4157800"]
[BlackFideId "5081483"]
[EventDate "2025.12.26"]

1. e4 e6 2. d4 d5 3. e5 c5 4. c3 Nc6 5. Nf3 Nge7 6. h4 Qa5 7. Nbd2 cxd4 8. Nb3
Qb6 9. cxd4 Nf5 10. g4 Bb4+ 11. Bd2 Nfe7 12. h5 h6 13. Bd3 a5 14. Bc3 a4 15.
Nbd2 Bd7 16. O-O Na5 17. Rb1 Bb5 18. Ne1 Nac6 19. a3 Ba5 20. Ndf3 O-O 21. Qe2
Ba6 22. Qe3 Rac8 23. Nh4 Bc4 24. f4 Bxc3 25. bxc3 Qa5 26. Bxc4 dxc4 27. Rf3 Nd5
28. Qd2 Qd8 29. g5 Na5 30. Qg2 hxg5 31. fxg5 Nxc3 32. Nc2 Nxb1 33. Rf6 Nxa3 0-1

[Event "World Rapid 2025"]
[Site "Doha QAT"]
[Date "2025.12.27"]
[Round "6.82"]
[White "Dinham, James"]
[Black "Zhang, Zhong"]
[Result "0-1"]
[BlackTitle "GM"]
[WhiteElo "2091"]
[BlackElo "2561"]
[WhiteFideId "14327023"]
[BlackFideId "8600694"]
[EventDate "2025.12.26"]

1. Nf3 Nf6 2. g3 b5 3. d4 Bb7 4. Bg2 e6 5. O-O c5 6. a4 b4 7. Nbd2 cxd4 8. Nb3
Be7 9. Nbxd4 O-O 10. Bf4 a6 11. Nb3 Bd5 12. Ne5 d6 13. Nc4 Bxg2 14. Kxg2 Nd5 15.
Bd2 Qc7 16. Ne3 Nf6 17. c3 bxc3 18. Bxc3 Nbd7 19. Nd2 d5 20. Nf3 Qb7 21. Kg1 Ne4
22. Bd4 Rfc8 23. Rc1 Ndc5 24. Nd2 Nxd2 25. Qxd2 Nb3 26. Rxc8+ Rxc8 27. Qd3 Rc6
28. h4 Qb4 29. Bc3 Qxa4 30. Ng2 Nc5 31. Qd4 Qxd4 32. Bxd4 Nb3 33. Be5 f6 34. Bb8
Rc2 35. Nf4 Kf7 36. Rb1 Bc5 37. e3 Rd2 38. Kf1 e5 39. Nh3 Rc2 40. Kg1 Ke6 41. h5
Bb6 42. g4 Rc8 0-1

[Event "World Rapid 2025"]
[Site "Doha QAT"]
[Date "2025.12.27"]
[Round "6.83"]
[White "Halkias, Stelios"]
[Black "Harshavardhan, G B"]
[Result "1/2-1/2"]
[WhiteTitle "GM"]
[BlackTitle "IM"]
[WhiteElo "2503"]
[BlackElo "2477"]
[WhiteFideId "4201809"]
[BlackFideId "25059009"]
[EventDate "2025.12.26"]

1. Nf3 Nf6 2. c4 e6 3. g3 a6 4. Bg2 b5 5. b3 Bb7 6. O-O c5 7. Nc3 b4 8. Na4 d6
9. d4 Nbd7 10. Bb2 Be7 11. d5 exd5 12. Nh4 g6 13. cxd5 O-O 14. e4 Re8 15. Re1
Nh5 16. Nf5 Bf8 17. Rc1 Nhf6 18. Nh4 Bg7 19. h3 Nb6 20. Nxb6 Qxb6 21. Qf3 Qd8
22. Bf1 Rc8 23. Ng2 h5 24. Bc4 Qe7 25. e5 Nd7 26. exd6 Qxd6 27. Bxg7 Kxg7 28.
Qf4 Ne5 29. Ne3 Re7 30. Bf1 Rd8 31. Rcd1 Rde8 32. Bg2 Bc8 33. Kh2 a5 34. Re2 Ba6
35. Red2 Bb5 36. Rc1 Rd8 37. Re1 Ree8 38. Kh1 Kg8 39. Bf1 Bxf1 40. Rxf1 Kg7 41.
Rc1 Re7 42. Kg2 f6 43. h4 Rc8 44. Rcc2 Rce8 45. Nc4 Nxc4 46. Qxc4 Rc7 47. Re2
Rxe2 48. Rxe2 Rd7 49. Rd2 Rb7 50. Kf3 Kf7 51. Qf4 Qxf4+ 52. Kxf4 Rd7 53. f3 Ke7
54. g4 Kd6 55. gxh5 gxh5 56. Kf5 Rc7 57. Kxf6 c4 58. bxc4 Rxc4 59. Kg5 a4 60. f4
b3 61. axb3 axb3 62. f5 Rb4 63. Rb2 Kxd5 64. Kxh5 Ke5 65. Kg5 Rb8 66. Re2+ Kd5
67. Rb2 Ke5 68. Re2+ Kd5 69. Rb2 1/2-1/2

[Event "World Rapid 2025"]
[Site "Doha QAT"]
[Date "2025.12.27"]
[Round "6.84"]
[White "Yilmaz, Mustafa"]
[Black "Anand, Tsogtbileg"]
[Result "1-0"]
[WhiteTitle "GM"]
[BlackTitle "CM"]
[WhiteElo "2595"]
[BlackElo "1968"]
[WhiteFideId "6302718"]
[BlackFideId "4926552"]
[EventDate "2025.12.26"]

1. c4 e6 2. Nc3 d5 3. d4 Nf6 4. cxd5 Nxd5 5. e4 Nxc3 6. bxc3 c5 7. Nf3 cxd4 8.
cxd4 Bb4+ 9. Bd2 Bxd2+ 10. Qxd2 O-O 11. Bc4 Nc6 12. O-O b6 13. Rfe1 Bb7 14. Rad1
Rc8 15. Bb5 Na5 16. h4 Qe7 17. Qf4 Rfd8 18. d5 a6 19. Bd3 exd5 20. e5 Nc6 21. e6
f5 22. Bxf5 g6 23. Qg3 Rc7 24. h5 Qd6 25. hxg6 Qxg3 26. gxh7+ Kg7 27. fxg3 Ne7
28. g4 Rf8 29. Ne5 Nxf5 30. gxf5 Kxh7 31. Nd7 Rh8 32. Rd4 Rc4 33. Rxc4 dxc4 34.
e7 Bc6 35. e8=Q Rxe8 36. Rxe8 c3 37. Rc8 Bxd7 38. Rc7 c2 39. Rxd7+ Kh6 40. Rc7
Kg5 41. g4 1-0

[Event "World Rapid 2025"]
[Site "Doha QAT"]
[Date "2025.12.27"]
[Round "6.109"]
[White "Anwoir, Tarik"]
[Black "Altini, Nicola"]
[Result "1/2-1/2"]
[BlackTitle "IM"]
[WhiteElo "2098"]
[BlackElo "2360"]
[WhiteFideId "9004904"]
[BlackFideId "833924"]
[EventDate "2025.12.26"]

1. e4 c5 2. Nf3 g6 3. g3 Bg7 4. Bg2 Nc6 5. O-O d6 6. h3 e5 7. d3 Nge7 8. Nc3 h6
9. Nh2 O-O 10. f4 f5 11. Be3 exf4 12. Bxf4 Nd4 13. Rb1 Be6 14. exf5 Nexf5 15. g4
Nh4 16. Bxb7 Rb8 17. Bd5 Rxf4 18. Rxf4 Qg5 19. Bxe6+ Nxe6 20. Re4 Nf4 21. Qf1
Nxh3+ 22. Qxh3 Bxc3 23. Rf1 Bxb2 24. Nf3 Nxf3+ 25. Qxf3 Bg7 26. Kg2 Rf8 27. Qe2
Rxf1 28. Kxf1 Be5 29. c4 Qh4 30. Qg2 Qf6+ 31. Ke2 Qd8 32. Qh1 Kg7 33. Qb1 Qa5
34. Qb3 Kf6 35. a4 Qc7 36. Qb5 Qf7 37. Qb8 Qe7 38. Qb1 Kg7 39. a5 Qh4 40. Qg1
Qd8 41. Qe1 Qb8 42. Kf3 Qf8+ 43. Kg2 Qb8 44. Qd2 Qd8 45. a6 Qb6 46. g5 h5 47.
Qe3 Qxa6 48. Rxe5 dxe5 49. Qxe5+ Kf7 50. Qxc5 Qb7+ 51. Kg3 Qe7 52. Qd5+ Qe6 53.
Qb7+ Qe7 54. Qf3+ Kg7 55. Qd5 Qe3+ 56. Kg2 Qe2+ 57. Kg3 Qe1+ 58. Kg2 Qe2+ 59.
Kg3 Qg4+ 60. Kh2 Qf4+ 61. Kg2 Qc7 62. c5 Kf8 63. d4 a5 64. c6 h4 65. Qf3+ Ke8
66. Qe4+ Kf7 67. d5 Qg3+ 68. Kf1 Qh3+ 69. Ke2 Qh2+ 70. Kd3 Qg3+ 71. Kc4 Qd6 72.
Kb5 h3 73. Qf3+ Ke7 74. Kxa5 h2 75. Ka6 Kd8 76. Qe4 Kc7 77. Kb5 Kd8 78. Qf3 Qb8+
79. Kc4 Qd6 80. Qh3 Qf4+ 81. Kb5 Ke7 82. Qh7+ Kd6 83. Qd7+ Ke5 84. Qc7+ Ke4 85.
Qxf4+ Kxf4 86. c7 h1=Q 87. c8=Q Qxd5+ 88. Ka6 Kxg5 89. Qh8 Qf5 90. Ka7 Qf7+ 91.
Ka8 Kf5 92. Qh3+ Kf6 93. Qc3+ Ke7 94. Qc7+ Kf8 95. Qc5+ Kg8 96. Qg5 Qf5 97. Qc1
g5 98. Qc4+ Kg7 99. Qc3+ Qf6 100. Qc7+ Kg8 101. Qc4+ Qf7 102. Qg4 Qd5+ 103. Ka7
Kg7 104. Kb8 Kf6 105. Ka7 Qc5+ 106. Ka8 Qf5 107. Qd4+ Ke6 108. Qb6+ Ke5 109.
Qc5+ Kf4 110. Qf2+ Ke5 111. Qc5+ Kf6 112. Qf8+ Kg6 113. Qe8+ Kg7 114. Qe7+ Kh6
115. Qd6+ Kh5 116. Qh2+ Kg6 117. Qd6+ Qf6 118. Qd3+ Kg7 119. Qd7+ Qf7 120. Qd4+
Kg8 121. Qg4 Qf6 122. Qc4+ Kf8 123. Qb4+ Qe7 124. Qg4 Ke8 125. Qh5+ Kd8 126. Qh2
Qe4+ 127. Ka7 Qd4+ 128. Ka6 g4 129. Qh4+ Kd7 130. Kb5 Ke6 131. Ka6 Kf5 132. Qh7+
Kf4 133. Qh2+ g3 134. Qh4+ Ke5 135. Qxg3+ Qf4 136. Qxf4+ Kxf4 1/2-1/2

[Event "World Rapid 2025"]
[Site "Doha QAT"]
[Date "2025.12.27"]
[Round "6.110"]
[White "Lobanov, Sergei"]
[Black "Alrehaili, Ahmed Abdullah S"]
[Result "1-0"]
[WhiteTitle "GM"]
[BlackTitle "FM"]
[WhiteElo "2527"]
[BlackElo "2106"]
[WhiteFideId "24183750"]
[BlackFideId "21518840"]
[EventDate "2025.12.26"]

1. d4 Nf6 2. c4 g6 3. Nc3 Bg7 4. Nf3 d6 5. Bg5 h6 6. Bh4 g5 7. Bg3 Nh5 8. e3 Nd7
9. Be2 Ndf6 10. Qc2 c6 11. O-O-O Qa5 12. Nd2 Bf5 13. Bd3 Bxd3 14. Qxd3 O-O-O 15.
f3 Nxg3 16. hxg3 h5 17. Kb1 Kb8 18. a3 e6 19. Ka2 Qc7 20. Nde4 Nxe4 21. Nxe4 Qe7
22. Nd2 d5 23. cxd5 Rxd5 24. Nb3 Qc7 25. f4 gxf4 26. gxf4 h4 27. Rc1 Bf6 28. Rc2
Rg8 29. Nc5 Qd8 30. Rhc1 Rg3 31. Qb3 Qb6 32. Qxd5 exd5 33. Nd7+ Kc7 34. Nxb6
axb6 35. Re2 b5 36. Kb1 Kd6 37. Kc2 Rg8 38. Kd3 Re8 39. Rec2 Rg8 40. Rh1 Ra8 41.
Ke2 b6 42. Rhc1 Rc8 43. b4 Be7 44. Kf3 f5 45. g3 hxg3 46. Kxg3 Kd7 47. Kf3 Rc7
48. Rh1 c5 49. bxc5 bxc5 50. dxc5 Rxc5 51. Rd2 Ke6 52. Rh6+ Bf6 53. Rg2 Kf7 54.
Rh7+ Ke6 55. Rg6 Rc6 56. Rb7 Ra6 57. Rh6 d4 58. exd4 Rxa3+ 59. Ke2 Ra6 60. Rxb5
Rd6 61. Re5+ Kd7 62. Rxf5 Bxd4 63. Rf7+ Kc6 64. Rxd6+ Kxd6 65. f5 1-0

[Event "World Rapid 2025"]
[Site "Doha QAT"]
[Date "2025.12.27"]
[Round "6.111"]
[White "Alhassadi, Yousef A."]
[Black "Suyarov, Mukhammadzokhid"]
[Result "0-1"]
[WhiteTitle "FM"]
[BlackTitle "IM"]
[WhiteElo "2098"]
[BlackElo "2454"]
[WhiteFideId "9204725"]
[BlackFideId "14210495"]
[EventDate "2025.12.26"]

1. e4 e5 2. Nf3 d6 3. d4 exd4 4. Nxd4 Nf6 5. Nc3 Be7 6. g3 O-O 7. Bg2 Re8 8. O-O
Nbd7 9. Re1 a5 10. a4 Bf8 11. h3 c6 12. g4 Nc5 13. Bf4 Nfd7 14. Bg3 Nb6 15. b3
Qc7 16. Qd2 Bd7 17. Rad1 Rad8 18. Kh2 g6 19. f3 Bc8 20. Nb1 Nbd7 21. Na3 b6 22.
Nb1 f6 23. Nc3 Ne5 24. f4 Nf7 25. Qf2 Bg7 26. Bf3 Re7 27. Qg2 Bd7 28. Nb1 Rde8
29. Na3 g5 30. Nf5 Bxf5 31. exf5 gxf4 32. Bf2 Rxe1 33. Rxe1 Rxe1 34. Bxe1 d5 35.
c4 d4 36. Kh1 Nd8 37. Qb2 Qe5 38. Bd2 Ne4 39. Qc2 d3 40. Qc1 Nxd2 41. Qxd2 0-1

[Event "World Rapid 2025"]
[Site "Doha QAT"]
[Date "2025.12.27"]
[Round "6.112"]
[White "Fates, Omer Salah"]
[Black "Wafa, Hamed"]
[Result "0-1"]
[BlackTitle "IM"]
[WhiteElo "2079"]
[BlackElo "2373"]
[WhiteFideId "9212035"]
[BlackFideId "10628452"]
[EventDate "2025.12.26"]

1. e4 e5 2. Nf3 Nc6 3. Bc4 d6 4. c3 f5 5. d3 Qf6 6. Qe2 f4 7. d4 g5 8. d5 Nd8 9.
Na3 g4 10. Ng1 h5 11. Bd2 a6 12. O-O-O Ne7 13. Bb3 Bh6 14. f3 Bd7 15. Qf2 Nf7
16. Kb1 Ng5 17. Nc2 Ng6 18. c4 h4 19. Ne1 h3 20. g3 gxf3 21. Bc2 fxg3 22. hxg3
Bg4 23. Bxg5 Bxg5 24. Nexf3 Ke7 25. Rd3 Raf8 26. Bd1 b6 27. Qc2 Rf7 28. Nxg5
Qxg5 29. Nf3 Bxf3 30. Bxf3 Qxg3 31. Bd1 Qg2 32. Rh2 Qxc2+ 33. Kxc2 Nf4 34. Rg3
Rhh7 35. Ra3 a5 36. Bg4 Rh4 37. Bf5 Rg7 38. Rf3 Rg2+ 39. Rf2 Rxf2+ 40. Rxf2 h2 0-1

[Event "World Rapid 2025"]
[Site "Doha QAT"]
[Date "2025.12.27"]
[Round "6.113"]
[White "George Samir, David"]
[Black "Alsaqer, Meshal"]
[Result "1-0"]
[WhiteTitle "IM"]
[WhiteElo "2343"]
[BlackElo "1853"]
[WhiteFideId "10657789"]
[BlackFideId "10301771"]
[EventDate "2025.12.26"]

1. e4 e6 2. d4 d5 3. Nc3 dxe4 4. Nxe4 Be7 5. Nf3 Nd7 6. Bd3 Ngf6 7. Qe2 c5 8.
Nxc5 Bxc5 9. dxc5 Nxc5 10. Bc4 O-O 11. Be3 Qc7 12. Bd4 Ncd7 13. O-O-O a6 14. Kb1
b5 15. Bd3 Bb7 16. Ne5 Bd5 17. Nxd7 Qxd7 18. Bxf6 gxf6 19. Qh5 f5 20. h4 Qe7 21.
Bxf5 Bxa2+ 22. Kxa2 exf5 23. Qxf5 Qe6+ 24. Qxe6 fxe6 25. Rd2 Rac8 26. Re1 Rc6
27. c3 Kg7 28. Re4 h5 29. Rd7+ Rf7 30. Rxf7+ Kxf7 31. Re5 Kg6 32. Kb3 Kh6 33. g3
Kg6 34. Kb4 Rc4+ 35. Ka5 Ra4+ 36. Kb6 Ra2 37. Rxe6+ Kf5 38. Rh6 Kg4 39. Rg6+ Kf3
40. Rf6+ Kg2 41. b3 Ra3 42. Rf5 Rxb3 43. Kxa6 Rxc3 44. Kxb5 Rf3 45. Rxh5 Kxf2
46. Rg5 Rf6 47. Kc5 Kf3 48. Kd5 1-0